|
|
|
|
| LEADER |
00880nam a22002297a 4500 |
| 001 |
31571 |
| 003 |
BD-DhAAL |
| 005 |
20170226121354.0 |
| 008 |
170226s2016 bg ||||| |||| 00| 0 eng d |
| 020 |
|
|
|a 9789849137313
|
| 040 |
|
|
|a BD-DhAAL
|c BD-DhAAL
|
| 082 |
|
|
|2 23
|a 338.095492
|
| 245 |
|
|
|a Bangladesh's development some issues and perspectives :
|b essays in honour of A M A Muhith /
|c editors Qazi Kholiquzzaman Ahmad and Shafi Ahmed
|
| 260 |
|
|
|a Dhaka :
|b Polok Publishers,
|c 2016
|
| 300 |
|
|
|a 412 pages :
|b illustrations ;
|c 25 cm.
|
| 526 |
|
|
|a AAL
|
| 541 |
|
|
|e 31571
|
| 651 |
|
|
|a Bangladesh
|x Economic policy
|9 21020
|
| 852 |
|
|
|a Ayesha Abed Library
|c General Stacks
|
| 942 |
|
|
|2 ddc
|c BK
|
| 999 |
|
|
|c 37967
|d 37967
|
| 952 |
|
|
|0 0
|1 0
|2 ddc
|4 0
|6 338_095492000000000_BAN
|7 0
|9 60010
|a BRACUL
|b BRACUL
|c GEN
|d 2017-02-26
|e Complimentary copy
|l 0
|o 338.095492 BAN
|p 3010031571
|r 2017-02-26
|t 1
|w 2017-02-26
|y BK
|